Harry Potter Easy Trivia For Beginners - Statistics

General Stats
  • This quiz has been taken 587 times
  • The average score is 12 of 13
Answer Stats
Hint Answer % Correct
Harry's school hogwarts
99%
Harry's best friend (male) ron
97%
Harry's best friend (female) hermione
96%
Harry's father james
96%
Harry's mother lily
96%
Harry's true enemy voldemort
96%
Harry's last name potter
95%
Harry's owl hedwig
94%
Harry's cousin's name dudley
92%
Harry's school house gryffindor
92%
Harry's quidditch role seeker
92%
Harry's broomstick nimbus 2000
84%
Harry's nemesis draco malfoy
73%
No matching quizzes found
Score Distribution
Percent of People with Each Score
Percentile by Number Answered
Your Score History
You have not taken this quiz